Baby school: manual para los padres

Saved in:
Bibliografiske detaljer
Format: Bog
Sprog:spansk
Udgivet: Fairfax Time Life 1999
Fag:
Tags: Tilføj Tag
Ingen Tags, Vær først til at tagge denne postø!

MARC

LEADER 00000nam a2200000 a 4500
001 UCM8257
003 CL-VaPUC
008 030228e19990000us |||||||||||||||||spa|d
082 0 4 |a 649.122  |b BAB  |2 21 
245 1 0 |a Baby school: manual para los padres 
300 |a 20 p 
942 |c BK 
945 |d 20030228 00:00:00  |a cmena 
260 |a Fairfax  |b Time Life  |c 1999 
500 |a El set completo está compuesto además por: El primer año de vida de su bebé - 4 libros de figuras - 1 Cd - 1 video - 2 juguetes interactivos de felpa - un móvil - 1 libro de tela - 1 títere guante - 1 cubo de retazos 
650 7 |a EDUCACION INFANTIL  |2 CL-VaPUC  |9 474259 
650 7 |a ENFERMERIA PEDIATRICA  |2 CL-VaPUC  |9 334195 
650 0 |a Desarrollo infantil  |9 308064 
650 0 |a Salud infantil  |9 369902 
650 0 |a Recién nacido  |9 451449 
650 0 |a Métodos de enseñanza  |9 270413 
650 0 |a Estimulación precoz  |9 307970 
583 |a last modification  |c 20171218 06:24:38  |k Rodrigo Vera 
999 |c 302832  |d 302830 
952 |0 0  |1 0  |4 0  |6 649_122000000000000_BAB_1999  |7 0  |8 A  |9 363615  |a BIBEDU  |b BIBEDU  |d 2019-11-21  |i 3856879  |o 649.122 BAB 1999  |p 3856879  |r 2019-11-21  |w 2019-11-21  |y BK  |k EPE